[Event "14th Dortmund Meeting"]
[Site "Dortmund GER"]
[Date "1986.??.??"]
[Round "1"]
[White "Kindermann, Stefan"]
[Black "Quinteros, Miguel Angel"]
[WhiteElo "2495"]
[BlackElo "2510"]
[Result "0-1"]
[EventDate "1986.04.??"]
[PlyCount "64"]

1.e4 e6 2.d4 d5 3.Nc3 Nf6 4.Bg5 Be7 5.e5 Nfd7 6.Bxe7 Qxe7 7.Nb5 Qd8 8.c3 
O-O 9.f4 b6 10.Nf3 Ba6 11.a4 c6 12.Nd6 Bxf1 13.Rxf1 f6 14.b4 Na6 15.Kf2 
Nc7 16.Kg1 Ne8 17.Nxe8 Qxe8 18.Qe2 fxe5 19.fxe5 a5 20.bxa5 Rxa5 21.Ng5 h6 
22.Nh3 Rxf1+ 23.Rxf1 Rxa4 24.Nf4 Nf8 25.h4 Ra7 26.Qg4 c5 27.dxc5 bxc5 28.
Rb1 Qa4 29.Rb8 Rf7 30.g3 Kh7 31.h5 Qe4 32.Re8 Rb7 0-1

[Event "14th Dortmund Meeting"]
[Site "Dortmund GER"]
[Date "1986.??.??"]
[Round "1"]
[White "Kohlweyer, Bernd"]
[Black "Hertneck, Gerald"]
[WhiteElo "2285"]
[BlackElo "2445"]
[Result "1/2-1/2"]
[EventDate "1986.04.??"]
[PlyCount "60"]

1.d4 Nf6 2.c4 e6 3.Nf3 b6 4.Nc3 Bb4 5.Qb3 c5 6.a3 Ba5 7.dxc5 bxc5 8.Bg5 
Qb6 9.Qc2 Ba6 10.Nd2 Nc6 11.e3 Ne5 12.Be2 Bb7 13.O-O Qc6 14.f3 h6 15.Bf4 
Ng6 16.Nb3 Bd8 17.Bg3 h5 18.h3 h4 19.Bh2 Bc7 20.Bxc7 Qxc7 21.Nb5 Qg3 22.
Nxc5 Ng4 23.hxg4 h3 24.Bd1 hxg2 25.Qxg2 Qe5 26.Nxb7 Qxe3+ 27.Qf2 Qh6 28.
Qg3 Qe3+ 29.Qf2 Qh6 30.Qg3 Qe3+ 1/2-1/2

[Event "14th Dortmund Meeting"]
[Site "Dortmund GER"]
[Date "1986.??.??"]
[Round "1"]
[White "Miles, Anthony John"]
[Black "Smyslov, Vassily"]
[WhiteElo "2610"]
[BlackElo "2575"]
[Result "1-0"]
[EventDate "1986.04.??"]
[PlyCount "81"]

1.Nf3 Nf6 2.c4 c6 3.Nc3 d5 4.d4 dxc4 5.Ne5 b5 6.g3 Ng4 7.Bf4 Nxe5 8.Bxe5 
Nd7 9.Bg2 Nxe5 10.dxe5 Bd7 11.a4 b4 12.Ne4 Qc7 13.Qd4 Rd8 14.O-O-O Be6 15.
Qxd8+ Qxd8 16.Rxd8+ Kxd8 17.Ng5 Kc7 18.Nxe6+ fxe6 19.h4 g6 20.f4 h6 21.Kd2
Bg7 22.Rc1 Rd8+ 23.Ke3 c3 24.bxc3 b3 25.Rb1 Rb8 26.Be4 g5 27.h5 b2 28.Kd2 
Rb3 29.Bc2 Rb6 30.Bd3 Rb3 31.Bc2 Rb6 32.c4 c5 33.Kc3 a5 34.Bb3 gxf4 35.
gxf4 Kd7 36.Rxb2 Ke8 37.Rb1 Kf7 38.Rg1 Bh8 39.Bc2 Bg7 40.Bg6+ Kg8 41.Rd1 
1-0

[Event "14th Dortmund Meeting"]
[Site "Dortmund GER"]
[Date "1986.??.??"]
[Round "1"]
[White "Ribli, Zoltan"]
[Black "Cramling, Pia"]
[WhiteElo "2585"]
[BlackElo "2400"]
[Result "1-0"]
[EventDate "1986.04.??"]
[PlyCount "95"]

1.c4 e5 2.Nc3 Bb4 3.g3 Nf6 4.Bg2 O-O 5.Nf3 Re8 6.O-O e4 7.Nd4 Nc6 8.Nc2 
Bxc3 9.dxc3 h6 10.Ne3 d6 11.b3 Ne5 12.f4 exf3 13.exf3 Bd7 14.a4 a5 15.Ra2 
Qc8 16.Re1 Bc6 17.h3 Qe6 18.Rd2 Rad8 19.Kh2 Qc8 20.g4 Ng6 21.Nf5 Bd7 22.
Nd4 Nh4 23.Rde2 Nxg2 24.Kxg2 Rxe2+ 25.Rxe2 Re8 26.Bf4 Nh7 27.Qd2 Nf8 28.
Bg3 Ng6 29.Kf2 Qd8 30.Nb5 Bxb5 31.cxb5 b6 32.b4 Rxe2+ 33.Qxe2 axb4 34.cxb4
Qa8 35.Qa2 Ne7 36.a5 Nd5 37.a6 c6 38.bxc6 Nxb4 39.Qc4 Nxc6 40.Bxd6 Na5 41.
Qb5 Qa7 42.h4 Kh7 43.h5 Kg8 44.Kg2 Kh8 45.Bg3 f5 46.Qe8+ Kh7 47.Qg6+ Kg8 
48.Qe6+ 1-0

[Event "14th Dortmund Meeting"]
[Site "Dortmund GER"]
[Date "1986.??.??"]
[Round "1"]
[White "Short, Nigel D"]
[Black "Hort, Vlastimil"]
[WhiteElo "2585"]
[BlackElo "2545"]
[Result "1/2-1/2"]
[EventDate "1986.04.??"]
[PlyCount "40"]

1.e4 Nf6 2.e5 Nd5 3.d4 d6 4.Nf3 Bg4 5.Be2 e6 6.O-O Be7 7.c4 Nb6 8.Nc3 O-O 
9.Be3 Nc6 10.exd6 cxd6 11.d5 exd5 12.Nxd5 Nxd5 13.cxd5 Bxf3 14.Bxf3 Ne5 
15.Be2 f5 16.f4 Nd7 17.Qb3 Bf6 18.Bf3 Re8 19.Rfe1 Qa5 20.Kf1 Nb6 1/2-1/2

[Event "14th Dortmund Meeting"]
[Site "Dortmund GER"]
[Date "1986.??.??"]
[Round "2"]
[White "Hertneck, Gerald"]
[Black "Kindermann, Stefan"]
[WhiteElo "2445"]
[BlackElo "2495"]
[Result "1/2-1/2"]
[EventDate "1986.04.??"]
[PlyCount "29"]

1.Nf3 Nf6 2.c4 c5 3.g3 b6 4.Bg2 Bb7 5.Nc3 e6 6.O-O Be7 7.d4 cxd4 8.Qxd4 d6
9.Rd1 a6 10.b3 Nbd7 11.e4 Qc7 12.Ba3 Nc5 13.e5 dxe5 14.Qxe5 Rc8 15.Qxc7 
1/2-1/2

[Event "14th Dortmund Meeting"]
[Site "Dortmund GER"]
[Date "1986.??.??"]
[Round "2"]
[White "Quinteros, Miguel Angel"]
[Black "Ribli, Zoltan"]
[WhiteElo "2510"]
[BlackElo "2585"]
[Result "1/2-1/2"]
[EventDate "1986.04.??"]
[PlyCount "45"]

1.c4 Nf6 2.d4 e6 3.Nf3 b6 4.Nc3 Bb7 5.a3 d5 6.cxd5 Nxd5 7.Qc2 c5 8.Bg5 Be7
9.Bxe7 Qxe7 10.Nxd5 exd5 11.Rc1 O-O 12.dxc5 Rc8 13.Qd2 bxc5 14.e3 Nd7 15.
Be2 d4 16.exd4 Bxf3 17.gxf3 cxd4 18.O-O Nb6 19.Bd3 g6 20.Rce1 Qf6 21.Re4 
Qxf3 22.Rxd4 Rd8 23.Bb1 1/2-1/2

[Event "14th Dortmund Meeting"]
[Site "Dortmund GER"]
[Date "1986.??.??"]
[Round "3"]
[White "Hort, Vlastimil"]
[Black "Fedorowicz, John"]
[WhiteElo "2545"]
[BlackElo "2500"]
[Result "1/2-1/2"]
[EventDate "1986.04.??"]
[PlyCount "104"]

1.c4 c5 2.Nf3 g6 3.d4 Bg7 4.e3 Nf6 5.Nc3 O-O 6.Be2 d6 7.O-O Bf5 8.Bd2 Nc6 
9.d5 Na5 10.Nh4 Bd7 11.e4 e5 12.g3 b6 13.Qc2 Ne8 14.Ng2 f5 15.exf5 gxf5 
16.Nd1 Nb7 17.f3 Bf6 18.Bd3 Ng7 19.Nde3 Be7 20.g4 Qc8 21.gxf5 Nxf5 22.Nxf5
Bxf5 23.f4 Bxd3 24.Qxd3 Bf6 25.Qg3+ Kh8 26.fxe5 Bxe5 27.Bc3 Qc7 28.Rxf8+ 
Rxf8 29.Re1 Bxc3 30.Qxc3+ Qg7 31.Qxg7+ Kxg7 32.b3 a6 33.Re4 Kf7 34.Kf2 Re8
35.Rh4 Kg7 36.Rg4+ Kf7 37.Rf4+ Kg7 38.Nh4 Rf8 39.Nf5+ Kg6 40.Ne7+ Kg7 41.
Nf5+ Kg6 42.Ne7+ Kg7 43.Rxf8 Kxf8 44.Nf5 Kf7 45.Kf3 Kf6 46.Kf4 b5 47.Ng3 
bxc4 48.Ne4+ Ke7 49.bxc4 Na5 50.Nd2 Kf6 51.h4 h5 52.Ne4+ Ke7 1/2-1/2

[Event "14th Dortmund Meeting"]
[Site "Dortmund GER"]
[Date "1986.??.??"]
[Round "3"]
[White "Kindermann, Stefan"]
[Black "Kohlweyer, Bernd"]
[WhiteElo "2495"]
[BlackElo "2285"]
[Result "1-0"]
[EventDate "1986.04.??"]
[PlyCount "90"]

1.e4 c5 2.Nf3 e6 3.d4 cxd4 4.Nxd4 Nf6 5.Nc3 d6 6.g4 Nc6 7.g5 Nd7 8.Be3 Be7
9.Rg1 Nb6 10.Qh5 g6 11.Qe2 e5 12.Nb3 Be6 13.O-O-O Nc4 14.Nd5 b5 15.f4 Rc8 
16.Kb1 a5 17.fxe5 N6xe5 18.Bc1 a4 19.Nd4 Bxd5 20.exd5 O-O 21.Rg3 Rc5 22.
Bg2 Re8 23.Qf2 Bf8 24.Rh3 Bg7 25.Rf1 Qd7 26.Nc6 Qg4 27.Rh4 Qd7 28.Rh3 Qg4 
29.Rh4 Qd7 30.Rf4 b4 31.Qg3 Rf8 32.Nxb4 Qb7 33.a3 Rb5 34.c3 Rc5 35.Qh3 
Rfc8 36.Ka2 Qb5 37.Rd1 Na5 38.Bf1 Qe8 39.Rh4 Nec4 40.Rxh7 Qe4 41.Bd3 Qe8 
42.Rf1 Nb3 43.Bf4 Ne5 44.Re1 Na5 45.Re4 Qd7 1-0

[Event "14th Dortmund Meeting"]
[Site "Dortmund GER"]
[Date "1986.??.??"]
[Round "3"]
[White "Miles, Anthony John"]
[Black "Quinteros, Miguel Angel"]
[WhiteElo "2610"]
[BlackElo "2510"]
[Result "1-0"]
[EventDate "1986.04.??"]
[PlyCount "145"]

1.d4 d6 2.e4 Nf6 3.Nc3 g6 4.Nf3 Bg7 5.Be2 O-O 6.O-O Nc6 7.d5 Nb8 8.a4 a5 
9.h3 c6 10.Be3 Na6 11.Re1 Nb4 12.Bf1 e5 13.Bc4 Bd7 14.Re2 cxd5 15.exd5 Ne8
16.Bb5 f5 17.Bxd7 Qxd7 18.Ng5 f4 19.Bc1 Nc7 20.f3 Bf6 21.Nge4 Bd8 22.b3 h5
23.Ba3 g5 24.Rd2 Be7 25.Qe2 Rac8 26.Rad1 Rf7 27.Nf2 Bd8 28.Nce4 Ne8 29.c3 
Na6 30.Qb5 Qe7 31.Kf1 Rg7 32.Ke2 Rg6 33.Rh1 Nb8 34.Rb2 b6 35.Qd3 Qf7 36.
Rd2 Bc7 37.Kd1 Ng7 38.Kc1 Nf5 39.Kb1 Nd7 40.Ka2 Nc5 41.Bxc5 bxc5 42.Nd1 
Kh8 43.Nb2 Rgg8 44.Nc4 Rcd8 45.Rg1 Rg7 46.g3 fxg3 47.Nxg3 Nh4 48.Rf2 Rf8 
49.Ne4 Qe7 50.Rff1 Rf4 51.Ncd2 Qd8 52.Qa6 Kh7 53.Qc6 Rg6 54.Ka3 Kh6 55.Rf2
Qe7 56.Rgf1 Qf7 57.Ng3 Qe7 58.Nc4 Qf7 59.Ne3 Rgf6 60.Ng2 Rxf3 61.Rxf3 Rxf3
62.Rxf3 Nxf3 63.Ne3 Nh4 64.Ne4 Ng6 65.Nxd6 Bxd6 66.Qxd6 Qf3 67.Qxc5 Qxh3 
68.b4 axb4+ 69.Kxb4 h4 70.a5 Qd7 71.Qc6 Qxc6 72.Nf5+ Kh5 73.dxc6 1-0

[Event "14th Dortmund Meeting"]
[Site "Dortmund GER"]
[Date "1986.??.??"]
[Round "3"]
[White "Ribli, Zoltan"]
[Black "Hertneck, Gerald"]
[WhiteElo "2585"]
[BlackElo "2445"]
[Result "1-0"]
[EventDate "1986.04.??"]
[PlyCount "105"]

1.Nf3 Nf6 2.c4 g6 3.Nc3 Bg7 4.d4 O-O 5.g3 d6 6.Bg2 c5 7.d5 a6 8.a4 e6 9.
O-O exd5 10.cxd5 Nbd7 11.Nd2 Re8 12.Nc4 Ne5 13.Nxe5 Rxe5 14.Bf4 Re8 15.Qc2
Nh5 16.Bd2 f5 17.e3 Bd7 18.a5 b5 19.axb6 Qxb6 20.Ra2 Nf6 21.Rfa1 Bc8 22.
Na4 Qb5 23.Bf1 Qb7 24.Nc3 Qf7 25.Bxa6 Nxd5 26.Nxd5 Rxa6 27.Rxa6 Bxa6 28.
Rxa6 Qxd5 29.Bc3 Ra8 30.Qd2 Qb7 31.Rxa8+ Qxa8 32.Bxg7 Kxg7 33.Qxd6 Qa1+ 
34.Kg2 Qxb2 35.Qxc5 Qb7+ 36.Kh3 Qf3 37.Qd4+ Kg8 38.Qf4 Qh5+ 39.Kg2 Qe2 40.
Qb8+ Kg7 41.Qb7+ Kg8 42.Qd5+ Kg7 43.h3 h5 44.Qe5+ Kf7 45.Qc7+ Kf6 46.Qd8+ 
Kf7 47.Qd7+ Kf6 48.Qe8 Qa6 49.Qf8+ Ke6 50.Kf3 Qa4 51.Qg8+ Kf6 52.Qd8+ Ke6 
53.Qd4 1-0

[Event "14th Dortmund Meeting"]
[Site "Dortmund GER"]
[Date "1986.??.??"]
[Round "4"]
[White "Kindermann, Stefan"]
[Black "Fedorowicz, John"]
[WhiteElo "2495"]
[BlackElo "2500"]
[Result "1-0"]
[EventDate "1986.04.??"]
[PlyCount "143"]

1.e4 c5 2.Nf3 d6 3.d4 cxd4 4.Nxd4 Nf6 5.Nc3 Nc6 6.Bc4 Qb6 7.Ndb5 a6 8.Be3 
Qa5 9.Nd4 Ne5 10.Bd3 e6 11.f4 Nxd3+ 12.cxd3 Be7 13.O-O O-O 14.Kh1 Bd7 15.
Qb3 b5 16.f5 b4 17.fxe6 fxe6 18.Nxe6 bxc3 19.Nxf8+ Kxf8 20.bxc3 Qb5 21.Qc2
Kg8 22.Rab1 Qa4 23.Qd2 Be6 24.Rb7 Nd7 25.Bd4 Qc6 26.Rbb1 h6 27.c4 Qc7 28.
Qe3 Qa5 29.Rb2 Re8 30.Qe2 Qg5 31.Bc3 Nc5 32.Rbb1 Bg4 33.Qc2 Qg6 34.Rbe1 
Bg5 35.Kg1 Kh7 36.Kh1 h5 37.Bd2 Bd8 38.h3 Bd7 39.Bc3 Bg5 40.Rf3 h4 41.Ref1
Re7 42.Qb1 Bc6 43.Rf8 Rb7 44.Qd1 Bh6 45.Qf3 Nxd3 46.Qxd3 Bxe4 47.Qe2 Re7 
48.Qf2 Bb7 49.Re1 Be4 50.Kh2 Bg5 51.Re2 Rb7 52.Rb2 Rxb2 53.Bxb2 Bh6 54.Bd4
Qg5 55.Qe2 Qg3+ 56.Kg1 Bd3 57.Qe6 Qg5 58.Qg8+ Kg6 59.Qf7+ Kh7 60.Qg8+ Kg6 
61.Rf6+ Kh5 62.Qf7+ g6 63.Qd5 Qxd5 64.cxd5 Bg7 65.Rf4 g5 66.Rg4 Bh6 67.Bf6
Kg6 68.Be7 Kf5 69.Rd4 Bb1 70.Bxd6 Bxa2 71.Be7 Bg7 72.Rd2 1-0

[Event "14th Dortmund Meeting"]
[Site "Dortmund GER"]
[Date "1986.??.??"]
[Round "4"]
[White "Nikolaiczuk, Lothar"]
[Black "Cramling, Pia"]
[WhiteElo "2295"]
[BlackElo "2400"]
[Result "0-1"]
[EventDate "1986.04.??"]
[PlyCount "40"]

1.Nf3 c5 2.e3 Nf6 3.d4 e6 4.c4 d5 5.Nc3 a6 6.cxd5 exd5 7.dxc5 Bxc5 8.Be2 
O-O 9.O-O Nc6 10.a3 Ba7 11.b4 Re8 12.Bb2 Bg4 13.Rc1 Qd6 14.Re1 Rad8 15.Na4
Ne4 16.Nd4 Bd7 17.Nxc6 Nxf2 18.Nxa7 Nxd1 19.Bxd1 b6 20.Bd4 Rb8 0-1

[Event "14th Dortmund Meeting"]
[Site "Dortmund GER"]
[Date "1986.??.??"]
[Round "4"]
[White "Quinteros, Miguel Angel"]
[Black "Short, Nigel D"]
[WhiteElo "2510"]
[BlackElo "2585"]
[Result "1/2-1/2"]
[EventDate "1986.04.??"]
[PlyCount "65"]

1.d4 e6 2.c4 Nf6 3.g3 Bb4+ 4.Bd2 Bxd2+ 5.Qxd2 O-O 6.Bg2 d5 7.Nf3 Nbd7 8.
O-O c6 9.Qc2 b6 10.cxd5 cxd5 11.Rc1 Bb7 12.Nbd2 Rc8 13.Qb3 Qe7 14.e3 Ne4 
15.Nxe4 dxe4 16.Nd2 f5 17.a4 Bd5 18.Qb5 Nb8 19.a5 bxa5 20.Qxa5 Rxc1+ 21.
Rxc1 Nc6 22.Qa3 Rb8 23.Bf1 Qb7 24.Nc4 h6 25.Qc5 Qb4 26.Nd6 Qxb2 27.Nxf5 
Rf8 28.Rc2 Qb1 29.Nh4 Ne7 30.Rc1 Qb2 31.Rc2 Qb3 32.Rc3 Qb2 33.Rc2 1/2-1/2

[Event "14th Dortmund Meeting"]
[Site "Dortmund GER"]
[Date "1986.??.??"]
[Round "5"]
[White "Hort, Vlastimil"]
[Black "Cramling, Pia"]
[WhiteElo "2545"]
[BlackElo "2400"]
[Result "0-1"]
[EventDate "1986.04.??"]
[PlyCount "82"]

1.d4 Nf6 2.Nf3 c5 3.c3 e6 4.Bf4 b6 5.e3 Be7 6.Nbd2 Bb7 7.Bd3 Nc6 8.a3 d6 
9.Bg3 O-O 10.Qe2 g6 11.h3 Qc7 12.O-O Rfe8 13.b4 cxd4 14.exd4 Bf8 15.Rfe1 
Ne7 16.c4 Nf5 17.Bh2 h5 18.Nb3 Qd7 19.a4 Rab8 20.b5 Rbd8 21.Red1 Qc8 22.a5
h4 23.Rac1 Qa8 24.Ne1 Bh6 25.Ra1 Qc8 26.Qc2 Nh5 27.c5 dxc5 28.dxc5 bxc5 
29.Qxc5 Qa8 30.b6 Rd5 31.Qc2 Rc8 32.Bc7 Ne3 33.fxe3 Bxe3+ 34.Kh1 Rg5 35.a6
Bxg2+ 36.Nxg2 Qf3 37.Bf5 gxf5 38.Bh2 Rxc2 39.b7 Qxh3 40.b8=Q+ Kh7 41.Nxe3 
Ng3+ 0-1

[Event "14th Dortmund Meeting"]
[Site "Dortmund GER"]
[Date "1986.??.??"]
[Round "5"]
[White "Miles, Anthony John"]
[Black "Kohlweyer, Bernd"]
[WhiteElo "2610"]
[BlackElo "2285"]
[Result "0-1"]
[EventDate "1986.04.??"]
[PlyCount "82"]

1.c4 g6 2.e4 Bg7 3.d4 d6 4.Nc3 Nc6 5.Be3 e5 6.d5 Nce7 7.g4 f5 8.f3 Nf6 9.
h3 h5 10.g5 Nd7 11.h4 a5 12.Qd2 Nc5 13.O-O-O b6 14.Be2 O-O 15.Nh3 Bd7 16.
Qc2 a4 17.Nf2 Qb8 18.Kb1 f4 19.Bc1 c6 20.Nd3 cxd5 21.cxd5 b5 22.Nxc5 dxc5 
23.d6 Nc6 24.Nxb5 Nd4 25.Qc4+ Be6 26.Nxd4 Bxc4 27.Bxc4+ Kh8 28.Ne6 Qb4 29.
Nxf8 Bxf8 30.d7 Be7 31.Bd5 Rb8 32.Rh2 c4 33.Rc2 Qd6 34.Rxc4 Qxd7 35.Rc6 
Rc8 36.Rxg6 Qb5 37.Be6 Rc7 38.Rg8+ Kh7 39.Rg1 Qc5 40.g6+ Kh6 41.g7 Qc2+ 
0-1

[Event "14th Dortmund Meeting"]
[Site "Dortmund GER"]
[Date "1986.??.??"]
[Round "5"]
[White "Nikolaiczuk, Lothar"]
[Black "Quinteros, Miguel Angel"]
[WhiteElo "2295"]
[BlackElo "2510"]
[Result "0-1"]
[EventDate "1986.04.??"]
[PlyCount "124"]

1.Nf3 c5 2.g3 Nc6 3.Bg2 e5 4.d3 d5 5.O-O f6 6.Nc3 Nge7 7.a3 Be6 8.Rb1 a5 
9.a4 Qd7 10.e4 d4 11.Nb5 Na7 12.c4 h5 13.Qe1 Nac6 14.h4 Nb4 15.Qd2 Ng6 16.
Ne1 Be7 17.Qe2 O-O-O 18.Bd2 Nc6 19.Na3 Bd6 20.Rd1 Rde8 21.Nb1 Qc7 22.Bf3 
Qf7 23.Ng2 Nge7 24.Kh2 Reg8 25.Rh1 g5 26.Qe1 Ng6 27.Kg1 g4 28.Be2 Bc7 29.
Kh2 Re8 30.Rf1 Qd7 31.f3 Rhf8 32.fxg4 hxg4 33.Rf2 Qg7 34.Qh1 Rh8 35.Rdf1 
Ref8 36.Kg1 Rh5 37.Be1 Nge7 38.Nd2 Kd7 39.Nb3 b6 40.Nd2 Nc8 41.Qh2 Nd6 42.
Qh1 Ne7 43.Bd1 Qg6 44.Be2 Kd8 45.b3 Rf7 46.Qh2 Nc6 47.Nb1 Ke8 48.Qh1 Nd8 
49.Bd2 Bc8 50.Bc1 Bb7 51.Nd2 Ne6 52.Ne1 Bc8 53.Qg2 Bd8 54.Nc2 Bb7 55.Na3 
Ng7 56.Nb5 Kd7 57.Nxd6 Kxd6 58.Re1 Kc7 59.Qh2 f5 60.exf5 Nxf5 61.Ne4 Bxe4 
62.dxe4 Nxg3 0-1

[Event "14th Dortmund Meeting"]
[Site "Dortmund GER"]
[Date "1986.??.??"]
[Round "5"]
[White "Ribli, Zoltan"]
[Black "Kindermann, Stefan"]
[WhiteElo "2585"]
[BlackElo "2495"]
[Result "1-0"]
[EventDate "1986.04.??"]
[PlyCount "63"]

1.Nf3 g6 2.d4 Bg7 3.c4 d6 4.g3 Nf6 5.Bg2 O-O 6.O-O Nbd7 7.Nc3 e5 8.e4 a6 
9.d5 Ne8 10.Bd2 h6 11.Qc1 Kh7 12.Qc2 Nb6 13.b3 f5 14.exf5 Bxf5 15.Ne4 g5 
16.h4 g4 17.Nh2 Kh8 18.Rae1 Nd7 19.Qc1 Kh7 20.f3 gxf3 21.Rxf3 Bxe4 22.Rxf8
Bg6 23.Rf2 Nef6 24.g4 a5 25.h5 Bd3 26.Bf1 Bxf1 27.Rexf1 Qe7 28.g5 hxg5 29.
Bxg5 e4 30.Qf4 Rg8 31.Qf5+ Kh8 32.Rg2 1-0

[Event "14th Dortmund Meeting"]
[Site "Dortmund GER"]
[Date "1986.??.??"]
[Round "6"]
[White "Kindermann, Stefan"]
[Black "Miles, Anthony John"]
[WhiteElo "2495"]
[BlackElo "2610"]
[Result "1/2-1/2"]
[EventDate "1986.04.??"]
[PlyCount "44"]

1.e4 c6 2.d4 d5 3.e5 Bf5 4.Ne2 e6 5.Nf4 c5 6.dxc5 Bxc5 7.Bd3 Ne7 8.Bxf5 
Nxf5 9.Nd3 Bb6 10.O-O Nc6 11.Nd2 O-O 12.Nf3 f6 13.exf6 Qxf6 14.Bf4 Nfd4 
15.Nfe5 Nxe5 16.Bxe5 Qg5 17.Kh1 Rac8 18.c3 Nf5 19.a4 Rc4 20.a5 Bd8 21.Re1 
Bf6 22.g3 Qh6 1/2-1/2

[Event "14th Dortmund Meeting"]
[Site "Dortmund GER"]
[Date "1986.??.??"]
[Round "6"]
[White "Nikolaiczuk, Lothar"]
[Black "Hertneck, Gerald"]
[WhiteElo "2295"]
[BlackElo "2445"]
[Result "0-1"]
[EventDate "1986.04.??"]
[PlyCount "122"]

1.Nf3 Nf6 2.d4 g6 3.e3 Bg7 4.c4 d6 5.Nc3 Nbd7 6.Be2 e5 7.O-O O-O 8.b4 Re8 
9.a4 c6 10.Ra2 e4 11.Ne1 Nf8 12.b5 h5 13.a5 a6 14.bxc6 bxc6 15.Bd2 h4 16.
Na4 Ra7 17.Nc2 h3 18.g3 Qc7 19.Nb4 Bb7 20.c5 d5 21.Nb6 Ne6 22.Qa4 Ng5 23.
Rb1 Re6 24.Qd1 Nd7 25.Nc2 f5 26.Ne1 Bf6 27.Bf1 Bd8 28.Rab2 Nf6 29.Rb3 Re7 
30.R1b2 Rh7 31.Bc1 Qe7 32.Bd2 Ne6 33.f4 Nc7 34.Nc4 Nb5 35.Ne5 Qe8 36.Nc2 
Nd7 37.Nxd7 Qxd7 38.Be2 Bc8 39.Kh1 Bc7 40.Qf1 Qd8 41.Ra2 g5 42.fxg5 Qxg5 
43.Qf2 Kf7 44.Rb1 Ke8 45.Rg1 Bb8 46.Nb4 Rh6 47.Raa1 Kd8 48.Bd1 Bd7 49.Bb3 
Kc8 50.Raf1 Bc7 51.Qe1 Ra8 52.Qa1 Kb7 53.Qa2 Ka7 54.Bd1 Rb8 55.Be2 Rg6 56.
Qa1 Qe7 57.Qe1 Rbg8 58.Qf2 Qg7 59.Bh5 Rh6 60.Bd1 Qh8 61.Re1 Rhg6 0-1

[Event "14th Dortmund Meeting"]
[Site "Dortmund GER"]
[Date "1986.??.??"]
[Round "6"]
[White "Quinteros, Miguel Angel"]
[Black "Hort, Vlastimil"]
[WhiteElo "2510"]
[BlackElo "2545"]
[Result "1/2-1/2"]
[EventDate "1986.04.??"]
[PlyCount "29"]

1.d4 d5 2.Nf3 Nf6 3.c4 c6 4.Nc3 e6 5.Bg5 h6 6.Bxf6 Qxf6 7.e3 Nd7 8.a3 g6 
9.cxd5 exd5 10.b4 Bd6 11.b5 O-O 12.Be2 Qe7 13.Qb3 Nb6 14.O-O Be6 15.a4 
1/2-1/2

[Event "14th Dortmund Meeting"]
[Site "Dortmund GER"]
[Date "1986.??.??"]
[Round "7"]
[White "Cramling, Pia"]
[Black "Fedorowicz, John"]
[WhiteElo "2400"]
[BlackElo "2500"]
[Result "0-1"]
[EventDate "1986.04.??"]
[PlyCount "117"]

1.d4 Nf6 2.Nf3 e6 3.c4 b6 4.a3 c5 5.d5 Ba6 6.Qc2 exd5 7.cxd5 g6 8.Nc3 Bg7 
9.g3 O-O 10.Bg2 d6 11.O-O Re8 12.Re1 Nbd7 13.h3 b5 14.e4 Rc8 15.Bf4 Qb6 
16.Qd2 c4 17.Bh6 Bh8 18.Qf4 Ne5 19.Nxe5 Rxe5 20.Qd2 Nd7 21.Be3 Nc5 22.Bd4 
Ree8 23.Bxh8 Kxh8 24.Qd4+ Kg8 25.Bf1 Bb7 26.h4 a6 27.Bh3 Rb8 28.e5 dxe5 
29.Rxe5 Nd7 30.Qxb6 Nxb6 31.Rae1 Rxe5 32.Rxe5 Rd8 33.Bg2 Kf8 34.f4 Nc8 35.
Kf2 Nd6 36.Ne2 a5 37.Nd4 Ra8 38.Nc6 Bc8 39.Re1 b4 40.axb4 axb4 41.Nxb4 Rb8
42.Na2 Rxb2+ 43.Re2 Rb3 44.Nc1 Rc3 45.Na2 Ra3 46.Nc1 Ra1 47.Na2 Nb5 48.Be4
Nd6 49.Bf3 h5 50.Nc3 Bf5 51.Ne4 Bxe4 52.Bxe4 Rd1 53.Bf3 Rc1 54.Be4 c3 55.
Ke3 Rg1 56.Kf2 Rd1 57.Bf3 Nf5 58.Rc2 Rd3 59.d6 0-1

[Event "14th Dortmund Meeting"]
[Site "Dortmund GER"]
[Date "1986.??.??"]
[Round "7"]
[White "Hort, Vlastimil"]
[Black "Hertneck, Gerald"]
[WhiteElo "2545"]
[BlackElo "2445"]
[Result "1-0"]
[EventDate "1986.04.??"]
[PlyCount "31"]

1.d4 d5 2.c4 e6 3.Nc3 Nf6 4.Bg5 Be7 5.cxd5 exd5 6.e3 c6 7.Bd3 Nbd7 8.Qc2 
O-O 9.Nf3 Re8 10.O-O Nf8 11.Rab1 N6d7 12.Bf4 Bf6 13.b4 a6 14.a4 Nb6 15.a5 
Nbd7 16.Bg3 1-0

[Event "14th Dortmund Meeting"]
[Site "Dortmund GER"]
[Date "1986.??.??"]
[Round "7"]
[White "Kohlweyer, Bernd"]
[Black "Nikolaiczuk, Lothar"]
[WhiteElo "2285"]
[BlackElo "2295"]
[Result "1-0"]
[EventDate "1986.04.??"]
[PlyCount "51"]

1.d4 d5 2.Nf3 Nf6 3.c4 e6 4.Nc3 Be7 5.Bg5 h6 6.Bh4 O-O 7.e3 b6 8.Rc1 Bb7 
9.cxd5 exd5 10.Bd3 Nbd7 11.O-O Ne4 12.Bxe7 Qxe7 13.Qb3 c6 14.Rfd1 Ndf6 15.
Ne5 Nd6 16.Bb1 c5 17.a4 Rfc8 18.f3 cxd4 19.exd4 Nc4 20.Bf5 Nxe5 21.dxe5 
Nd7 22.Nxd5 Qxe5 23.Rxc8+ Bxc8 24.Qb4 a5 25.Ne7+ Kh8 26.Qe4 1-0

[Event "14th Dortmund Meeting"]
[Site "Dortmund GER"]
[Date "1986.??.??"]
[Round "7"]
[White "Miles, Anthony John"]
[Black "Ribli, Zoltan"]
[WhiteElo "2610"]
[BlackElo "2585"]
[Result "1/2-1/2"]
[EventDate "1986.04.??"]
[PlyCount "24"]

1.d4 Nf6 2.c4 e6 3.Nf3 b6 4.a3 Ba6 5.Qc2 Bb7 6.Nc3 c5 7.e4 cxd4 8.Nxd4 d6 
9.Be2 Be7 10.O-O Nbd7 11.Rd1 a6 12.Be3 Rc8 1/2-1/2

[Event "14th Dortmund Meeting"]
[Site "Dortmund GER"]
[Date "1986.??.??"]
[Round "8"]
[White "Kindermann, Stefan"]
[Black "Nikolaiczuk, Lothar"]
[WhiteElo "2495"]
[BlackElo "2295"]
[Result "1/2-1/2"]
[EventDate "1986.04.??"]
[PlyCount "119"]

1.e4 e6 2.d4 d5 3.Nc3 Nf6 4.Bg5 dxe4 5.Nxe4 Be7 6.Bxf6 Bxf6 7.Nf3 Nd7 8.
Bd3 c5 9.Nxf6+ Qxf6 10.O-O cxd4 11.Re1 O-O 12.Nxd4 Rd8 13.c3 g6 14.Qe2 Nc5
15.Bc2 Bd7 16.Rad1 Rac8 17.Nb5 Bxb5 18.Qxb5 b6 19.Qe2 Rxd1 20.Rxd1 Rd8 21.
g3 Rxd1+ 22.Qxd1 Qe5 23.Qd2 Qc7 24.h4 h5 25.Qd4 Nd7 26.Be4 e5 27.Qd2 Nf6 
28.Bg2 Kg7 29.b3 Qc5 30.Bf3 Qc8 31.Qe3 Qf5 32.Kg2 Qe6 33.Be2 Qd6 34.Kg1 
Qc7 35.c4 Qd6 36.Qc3 a5 37.Qe3 Nd7 38.Bf3 Nc5 39.Bd5 Nd7 40.Kf1 Nf6 41.Bf3
Nd7 42.Ke1 Nc5 43.Qd2 Qf6 44.Bd5 Qf5 45.Kf1 Qf6 46.Qe3 Nd7 47.Qg5 Qxg5 48.
hxg5 f6 49.gxf6+ Kxf6 50.Bf3 Ke7 51.Ke2 Nf6 52.Ke3 Kd6 53.a3 Kc5 54.Kd3 g5
55.Kc3 h4 56.b4+ axb4+ 57.axb4+ Kd6 58.gxh4 gxh4 59.Kd3 h3 60.Ke3 1/2-1/2

[Event "14th Dortmund Meeting"]
[Site "Dortmund GER"]
[Date "1986.??.??"]
[Round "8"]
[White "Miles, Anthony John"]
[Black "Fedorowicz, John"]
[WhiteElo "2610"]
[BlackElo "2500"]
[Result "1-0"]
[EventDate "1986.04.??"]
[PlyCount "79"]

1.c4 Nf6 2.Nc3 g6 3.e4 d6 4.d4 Bg7 5.f3 a6 6.Be3 O-O 7.Qd2 b6 8.O-O-O c5 
9.d5 b5 10.Bh6 Bxh6 11.Qxh6 Qa5 12.h4 b4 13.Nb1 Qxa2 14.h5 Nbd7 15.Nh3 Ne5
16.Ng5 Nxc4 17.Rd2 Nxd2 18.Nxd2 Qa1+ 19.Nb1 Bd7 20.Nxh7 g5 21.Nxf6+ exf6 
22.Qxf6 Kh7 23.h6 Rg8 24.Qxf7+ Kh8 25.Qf6+ Kh7 26.Qe7+ Kh8 27.Qxd7 c4 28.
h7 Rg7 29.Qc6 Rd8 30.Qxc4 Qa5 31.Qd4 Rc8+ 32.Kd2 b3+ 33.Ke2 Rc2+ 34.Nd2 
Qc7 35.Ke3 Rc1 36.Rh6 a5 37.Bb5 Qf7 38.g3 Qf8 39.Nxb3 Rc2 40.Nd2 1-0

[Event "14th Dortmund Meeting"]
[Site "Dortmund GER"]
[Date "1986.??.??"]
[Round "8"]
[White "Ribli, Zoltan"]
[Black "Short, Nigel D"]
[WhiteElo "2585"]
[BlackElo "2585"]
[Result "1/2-1/2"]
[EventDate "1986.04.??"]
[PlyCount "120"]

1.Nf3 d5 2.d4 Nf6 3.c4 e6 4.Nc3 Be7 5.Bg5 O-O 6.e3 h6 7.Bxf6 Bxf6 8.Rc1 c6
9.Bd3 Nd7 10.O-O dxc4 11.Bxc4 e5 12.h3 exd4 13.exd4 Nb6 14.Bb3 Bg5 15.Rc2 
Bf5 16.Re2 Bf4 17.Rfe1 Nd7 18.d5 Nc5 19.Bc2 Bxc2 20.Rxc2 Re8 21.Rxe8+ Qxe8
22.b4 Na6 23.a3 Rd8 24.Qd4 Bb8 25.Re2 Qd7 26.dxc6 Qxd4 27.Nxd4 Rxd4 28.
Re8+ Kh7 29.Rxb8 bxc6 30.Rc8 Rc4 31.Ne2 Rc2 32.Nd4 Ra2 33.Nxc6 Rxa3 34.b5 
Nc5 35.Nxa7 Rxa7 36.Rxc5 Ra1+ 37.Kh2 Rb1 38.h4 Rb3 39.h5 Kg8 40.g4 Kf8 41.
Re5 f6 42.Rc5 Ke7 43.Rc7+ Ke6 44.Rxg7 Ke5 45.Rg6 Kf4 46.Rxh6 Kxg4 47.Rxf6 
Rxb5 48.h6 Rh5+ 49.Kg2 Kg5 50.Ra6 Rh4 51.Kg3 Rg4+ 52.Kf3 Rh4 53.Ke3 Rh1 
54.f3 Kf5 55.Ra7 Kg6 56.h7 Rh4 57.Rb7 Kf6 58.Kf2 Kf5 59.Ke2 Rh1 60.Ke3 Rh4
1/2-1/2

[Event "14th Dortmund Meeting"]
[Site "Dortmund GER"]
[Date "1986.??.??"]
[Round "9"]
[White "Cramling, Pia"]
[Black "Hertneck, Gerald"]
[WhiteElo "2400"]
[BlackElo "2445"]
[Result "1-0"]
[EventDate "1986.04.??"]
[PlyCount "82"]

1.d4 Nf6 2.c4 c5 3.d5 b5 4.Bg5 Ne4 5.Bf4 g5 6.Be5 Qa5+ 7.Nd2 f6 8.Bg3 d6 
9.f3 Nxg3 10.hxg3 Bg7 11.g4 f5 12.Qc2 Na6 13.gxf5 Nb4 14.Qe4 Bxb2 15.Rb1 
Qxa2 16.f4 g4 17.e3 Bc3 18.Rd1 Qc2 19.Qxc2 Nxc2+ 20.Kf2 Bxf5 21.cxb5 Nb4 
22.e4 Bxd2 23.exf5 Bxf4 24.Be2 g3+ 25.Kf3 Be5 26.Ke4 Na2 27.Bh5+ Kd7 28.
Ne2 Rab8 29.Ra1 Bxa1 30.Rxa1 Nb4 31.Rxa7+ Kc8 32.f6 exf6 33.Bg4+ Kd8 34.
Nf4 f5+ 35.Bxf5 Nc2 36.Ne6+ Ke8 37.Ng7+ Kf8 38.Ne6+ Ke8 39.Ng7+ Kf8 40.Be6
h5 41.Rf7+ Kg8 1-0